Bruegel
Guardat en:
| Autor principal: | |
|---|---|
| Format: | Llibre |
| Idioma: | francès |
| Publicat: |
París
Fernand Hazan
1976
|
| Matèries: | |
| Etiquetes: |
Afegir etiqueta
Sense etiquetes, Sigues el primer a etiquetar aquest registre!
|
MARC
| LEADER | 00000nam a2200000 a 4500 | ||
|---|---|---|---|
| 001 | UCG6597 | ||
| 003 | CL-VaPUC | ||
| 008 | 110509e19760000FR |||||||||||||||||fre|d | ||
| 020 | |a 2850250414 | ||
| 082 | 0 | 4 | |a 759.03 |b DOP |2 21 |
| 100 | 0 | |a Dopagne, Jacques |e author |9 556912 | |
| 245 | 1 | 0 | |a Bruegel |
| 300 | |a Les Maitres de L'Art | ||
| 942 | |c BK | ||
| 945 | |d 20110509 00:00:00 |a jcampos | ||
| 260 | |a París |b Fernand Hazan |c 1976 | ||
| 500 | |a Contiene láminas con obras de Pieter Bruegel | ||
| 600 | 0 | |a Bruegel, Pieter |9 344602 | |
| 650 | 0 | |a Obras de arte |9 337253 | |
| 650 | 0 | |a Crítica e interpretación |9 255042 | |
| 650 | 0 | |a Creación artística |9 266215 | |
| 650 | 0 | |a Pintura flamenca |9 319201 | |
| 583 | |a last modification |c 20110930 03:00:50 |k Rodrigo Vera | ||
| 999 | |c 344775 |d 344773 | ||
| 952 | |0 0 |1 0 |4 0 |6 759_030000000000000_DOP_1976 |7 0 |8 A |9 442966 |a BIBART |b BIBART |d 2019-11-22 |i 4773489 |o 759.03 DOP 1976 |p 4773489 |r 2025-03-13 |w 2019-11-22 |y BK |k ART | ||